Welcome to the Holygrace Academy Library

Please use search bar below to get started

VASANTHATHINTE MURIV (Record no. 4783)

MARC details
000 -LEADER
fixed length control field 00287nam a22001337a 4500
082 ## - DEWEY DECIMAL CLASSIFICATION NUMBER
Classification number 894.812.3
Item number GAM/V
100 ## - MAIN ENTRY--AUTHOR NAME
Personal name M.GANGADHARAN
245 ## - TITLE STATEMENT
Title VASANTHATHINTE MURIV
260 ## - PUBLICATION, DISTRIBUTION, ETC. (IMPRINT)
Place of publication CALICUT
Name of publisher POORNA PUBLICATIONS
Year of publication 1997
300 ## - PHYSICAL DESCRIPTION
Number of Pages 244
520 ## - SUMMARY, ETC.
Summary, etc NOVEL
650 ## - SUBJECT ADDED ENTRY--TOPICAL TERM
Topical Term NOVEL
942 ## - ADDED ENTRY ELEMENTS (KOHA)
Koha item type Books
Holdings
Withdrawn status Lost status Collection code Home library Current library Shelving location Date acquired Source of acquisition Cost, normal purchase price Full call number Accession Number Koha item type
    Fiction Main Library Main Library SHELF-16- I- MALAYALAM NOVELS,FICTIONS 12/01/2005 Purchase 75.00 894.812.3 GAM/V 01989 Books